Statistics for Countries That Are But Are Not.....?

Click here to take the quiz!

General Stats

  • This quiz has been taken 1,820 times
    (1,653 since last reset)
  • The average score is 8 of 10

Answer Stats

AreAnswerBut Not% Correct
Larger than KazakhstanArgentina/India/AustraliaLarger than Brazil
94%
Bordered by FinlandRussiaBordered by Sweden
85%
North American and Larger than CubaNicaragua/HondurasSmaller than Mexico
83%
Bordered by SloveniaCroatia/ItalyBordered by Slovakia
80%
Further from USA than CubaJamaica/BelizeFurther from USA than Haiti
77%
In the Americas with larger population than PeruArgentina/CanadaWith a larger population than Colombia But still in the Americas
74%
Winners of more Olympic Gold medals than ChinaFrance/ItalyWinners of more Olympic Gold medals than GB/UK
71%
More populated than BangladeshNigeria/BrazilMore populated than Pakistan
70%
In Europe and hosted FIFA World CupSwitzerland/RussiaIn Europe and appeared in FIFA World Cup Final
66%
Larger than MonacoTuvalu/NauruLarger than San Marino
65%

Score Distribution

Percentile by Number Answered

Percent of People with Each Score

Your Score History

You have not taken this quiz since the last reset